|
|
|
|
| LEADER |
00000nam0a2200000 4500 |
| 001 |
29428 |
| 005 |
20251208142526.0 |
| 010 |
|
|
|a 5728103960
|
| 035 |
|
|
|a (RuTPU)RU\TPU\book\29692
|
| 035 |
|
|
|a BOOK00029767
|
| 090 |
|
|
|a 29428
|
| 100 |
|
|
|a 20011209d2001 km y0rusy50 ca
|
| 101 |
0 |
|
|a rus
|
| 102 |
|
|
|a RU
|
| 105 |
|
|
|a y z 000zd
|
| 200 |
1 |
|
|a От Петра I до Павла I. Реформы в России XVIII века (опыт целостного анализа
|f А. Б. Каменский
|
| 210 |
|
|
|a Москва
|c Российский гос. гуманит. ун-т
|d 2001
|
| 215 |
|
|
|a 575 с.
|
| 600 |
|
0 |
|a Петр Великий
|d I
|f 1672 - 1725
|c российский царь из династии Романовых
|c первый российский император
|2 stltpui
|3 (RuTPU)RU\TPU\pers\365
|
| 600 |
|
0 |
|a Петр
|d III
|c российский император
|f 1728 - 1762
|c немецкий принц Карл Петр Ульрих
|c внук Петра I
|2 stltpui
|3 (RuTPU)RU\TPU\pers\364
|
| 600 |
|
0 |
|a Екатерина Великая
|d II
|f 1729-1796
|c российская императрица с 1762
|c урожденная Софья Фредерика Августа Анхельт-Цербстская
|2 stltpui
|3 (RuTPU)RU\TPU\pers\98
|
| 600 |
|
0 |
|a Павел
|d I
|f 1754-1801
|c российский император
|c из династии Романовых
|2 stltpui
|3 (RuTPU)RU\TPU\pers\358
|
| 600 |
|
0 |
|a Елизавета Петровна
|f 1709 - 1761/1762
|c российская императрица с 1741
|c дочь Петра I
|2 stltpush
|3 (RuTPU)RU\TPU\pers\6024
|
| 606 |
|
|
|a Россия
|x История
|z кон. 17-18 вв.
|9 81797
|
| 610 |
1 |
|
|a 18 век
|
| 610 |
1 |
|
|a реформы
|
| 610 |
1 |
|
|a экономика
|
| 610 |
1 |
|
|a политика
|
| 610 |
1 |
|
|a петровские реформы
|
| 686 |
|
|
|a Т3(2)51
|2 rubbk
|
| 700 |
|
1 |
|a Каменский
|b А. Б.
|g Александр Борисович
|
| 801 |
|
0 |
|a RU
|b 63413507
|c 20011209
|g PSBO
|
| 801 |
|
2 |
|a RU
|b 63413507
|c 20121127
|g PSBO
|
| 942 |
|
|
|c BK
|